[Event "Tradewise Gibraltar Chess Festival 2014 "]
[Site "The Caleta Hotel - Gibraltar"]
[Date "2014.02.03"]
[Round "7.36"]
[White "Aharon, Ofir"]
[Black "Vocaturo, Daniele"]
[Result "0-1"]
[WhiteElo "2304"]
[BlackElo "2582"]
[PlyCount "132"]
[EventDate "2014.01.28"]

1. e4 d6 2. d4 Nf6 3. Nc3 g6 4. f4 Bg7 5. Nf3 O-O 6. e5 Nfd7 7. h4 c5 8. h5
cxd4 9. hxg6 dxc3 10. gxf7+ Rxf7 11. Bc4 e6 12. Ng5 Nxe5 13. Qh5 h6 14. fxe5
hxg5 15. Qh7+ Kf8 16. Qh8+ Bxh8 17. Rxh8+ Kg7 18. Rxd8 Nc6 19. Rxd6 Nxe5 20.
Be2 Bd7 21. Bxg5 cxb2 22. Rb1 Rh8 23. Rxb2 Rh1+ 24. Kd2 Rf2 25. Rxb7 Nc4+ 26.
Kd3 Nxd6 27. Rxd7+ Nf7 28. Be3 Rf5 29. Bd4+ e5 30. Bxa7 Rg1 31. g4 Rf6 32. Bb8
Kf8 33. Ra7 Rg6 34. Ra8 Kg7 35. Ra4 Rg3+ 36. Kd2 Rb6 37. Bc7 Rc6 38. Rc4 Re6
39. Rb4 Re7 40. Bb6 Ra3 41. Bc5 Rd7+ 42. Bd3 Ra8 43. Ke2 Kf6 44. Be3 Nd6 45.
g5+ Ke6 46. a4 Kd5 47. Kf3 Rf7+ 48. Kg4 e4 49. Rd4+ Ke5 50. Rxd6 Kxd6 51. Bxe4
Rxa4 52. Bf4+ Ke7 53. g6 Rf6 54. Bf5 Rf8 55. g7 Rg8 56. Kf3 Rxg7 57. Be4 Kd8
58. Bd5 Ra5 59. c4 Kd7 60. Bh2 Ra3+ 61. Ke4 Rh3 62. Bb8 Rh8 63. Be5 Re7 64. Kd4
Rh4+ 65. Be4 Ke6 66. Bg3 Rg4 0-1

[Event "Tradewise Gibraltar Chess Festival 2014 "]
[Site "The Caleta Hotel - Gibraltar"]
[Date "2014.02.03"]
[Round "7.37"]
[White "Bellon Lopez, Juan Manuel"]
[Black "Georgiev, Kiril"]
[Result "1-0"]
[WhiteElo "2382"]
[BlackElo "2653"]
[PlyCount "103"]
[EventDate "2014.01.28"]

1. d4 Nf6 2. Bg5 e6 3. e4 h6 4. Bxf6 Qxf6 5. Nf3 d6 6. Nc3 a6 7. Qd2 Nc6 8.
O-O-O Bd7 9. d5 Ne5 10. Nxe5 dxe5 11. dxe6 Bxe6 12. Bc4 Bd6 13. Bxe6 fxe6 14.
f3 O-O 15. Kb1 b5 16. Ne2 a5 17. Nc3 Rfb8 18. Qd3 Qe7 19. Nxb5 Bc5 20. Ka1 a4
21. Na3 Rd8 22. Qc4 Kh7 23. Nb1 a3 24. b3 Bb6 25. c3 Rd6 26. Rd2 Rad8 27. Qe2
Qd7 28. Rhd1 Qc6 29. Rxd6 cxd6 30. Qd3 Qc5 31. b4 Qf2 32. Qd2 Qh4 33. Nxa3 d5
34. exd5 exd5 35. Qe2 Qf4 36. Qb5 Bf2 37. Rxd5 Rxd5 38. Qxd5 Qxh2 39. Qe4+ Kh8
40. g4 Qg1+ 41. Kb2 Be3 42. Qd3 Qf2+ 43. Kb3 Bf4 44. Nc4 g6 45. b5 h5 46. b6 h4
47. b7 e4 48. fxe4 Kh7 49. g5 Bb8 50. Qd8 Qa7 51. Qd7+ Kg8 52. e5 1-0

[Event "Tradewise Gibraltar Chess Festival 2014 "]
[Site "The Caleta Hotel - Gibraltar"]
[Date "2014.02.03"]
[Round "7.38"]
[White "Sandipan, Chanda"]
[Black "Kaczmarczyk, Dennis"]
[Result "1-0"]
[WhiteElo "2609"]
[BlackElo "2358"]
[PlyCount "85"]
[EventDate "2014.01.28"]

1. d4 Nf6 2. Nf3 g6 3. Nbd2 c5 4. dxc5 Qa5 5. a3 Qxc5 6. b4 Qc7 7. Bb2 Bg7 8.
e3 O-O 9. c4 b6 10. Be2 Bb7 11. O-O d6 12. Qb3 Nbd7 13. Rfc1 Rac8 14. Bc3 Ne4
15. Nxe4 Bxe4 16. Bxg7 Kxg7 17. Nd4 Qb8 18. a4 Rfd8 19. a5 Kg8 20. Qa3 Ne5 21.
b5 Ba8 22. a6 Rc7 23. f4 Nd7 24. Bf3 Bxf3 25. Nxf3 Rdc8 26. Nd4 Rxc4 27. Rxc4
Rxc4 28. Rc1 Qc7 29. Nc6 Rxc1+ 30. Qxc1 Nc5 31. Qc4 Qd7 32. h3 h5 33. Qd5 Qc7
34. Qg5 Kf8 35. f5 gxf5 36. Qxh5 Ke8 37. Qxf5 Nxa6 38. Qh7 Nc5 39. Qg8+ Kd7 40.
Qxf7 Kc8 41. h4 e5 42. Qe8+ Kb7 43. Nd8+ 1-0

[Event "Tradewise Gibraltar Chess Festival 2014 "]
[Site "The Caleta Hotel - Gibraltar"]
[Date "2014.02.03"]
[Round "7.40"]
[White "Kochetkova, Julia"]
[Black "Spraggett, Kevin"]
[Result "0-1"]
[WhiteElo "2351"]
[BlackElo "2544"]
[PlyCount "94"]
[EventDate "2014.01.28"]

1. e4 c5 2. Nf3 e6 3. Nc3 a6 4. d4 cxd4 5. Nxd4 Qc7 6. g3 Bb4 7. Nde2 Nf6 8.
Bg2 Be7 9. O-O Nc6 10. a4 O-O 11. Nf4 d6 12. Nce2 b6 13. c4 Bb7 14. Nc3 Ne5 15.
b3 Rfe8 16. Bb2 Rac8 17. Qe2 Ned7 18. Rad1 Bf8 19. Rfe1 Qb8 20. h3 Bc6 21. Rd2
h6 22. Nh5 Nxh5 23. Qxh5 Nc5 24. Qd1 Bb7 25. Ba1 Red8 26. Qb1 Bc6 27. Ne2 Be8
28. Nd4 Be7 29. Nf3 e5 30. Nh2 Bc6 31. Nf1 Qb7 32. Rdd1 b5 33. cxb5 axb5 34.
axb5 Qxb5 35. Nd2 Rb8 36. Qc2 Bd7 37. Bf1 Qb7 38. Rb1 Rbc8 39. Qd1 Bc6 40. Qg4
Qb4 41. Nc4 Ra8 42. Bb2 Ra2 43. Qf3 Rxb2 44. Nxb2 Bxe4 45. Qg4 d5 46. Nd3 Nxd3
47. Bxd3 Bxd3 0-1

[Event "Tradewise Gibraltar Chess Festival 2014 "]
[Site "The Caleta Hotel - Gibraltar"]
[Date "2014.02.03"]
[Round "7.41"]
[White "Wemmers, Xander"]
[Black "Cramling, Pia"]
[Result "0-1"]
[WhiteElo "2348"]
[BlackElo "2525"]
[PlyCount "58"]
[EventDate "2014.01.28"]

1. d4 Nf6 2. c4 e6 3. Nc3 Bb4 4. e3 O-O 5. Nge2 c6 6. a3 Ba5 7. Ng3 d5 8. Qc2
Nbd7 9. cxd5 exd5 10. Bd3 Re8 11. O-O Bc7 12. e4 dxe4 13. Ncxe4 h6 14. Be3 Nb6
15. Qd2 Nxe4 16. Nxe4 Nd5 17. Ng3 Qh4 18. Rae1 Be6 19. Bb1 Rad8 20. Qc2 g6 21.
Qc1 Nxe3 22. fxe3 Rd5 23. Rf4 Bxf4 24. exf4 Rdd8 25. Re5 Rxd4 26. f5 Bd7 27.
Rxe8+ Bxe8 28. Ba2 Qd8 29. Bb3 Qb6 0-1

[Event "Tradewise Gibraltar Chess Festival 2014 "]
[Site "The Caleta Hotel - Gibraltar"]
[Date "2014.02.03"]
[Round "7.42"]
[White "Ben Artzi, Ido"]
[Black "Muzychuk, Mariya"]
[Result "0-1"]
[WhiteElo "2344"]
[BlackElo "2503"]
[PlyCount "80"]
[EventDate "2014.01.28"]

1. d4 f5 2. g3 Nf6 3. Bg2 g6 4. Nf3 Bg7 5. O-O O-O 6. c4 d6 7. Nc3 Nc6 8. d5
Na5 9. Qd3 e5 10. dxe6 Bxe6 11. b3 Nc6 12. Be3 Qe7 13. Nd4 Nxd4 14. Bxd4 c6 15.
Rad1 a6 16. Rfe1 Qf7 17. f4 Rad8 18. e4 b5 19. exf5 Bxf5 20. Qf1 Ng4 21. Nd5
Bxd4+ 22. Rxd4 Rfe8 23. h3 Qa7 24. Red1 cxd5 25. Bxd5+ Kg7 26. hxg4 Bxg4 27.
Bf3 Re3 28. Bxg4 Rxg3+ 29. Kh2 Rxg4 30. Qe2 Qd7 31. Qe5+ Kh6 32. Qf6 Qe8 33.
R4d2 Qf8 34. Qxf8+ Rxf8 35. Rxd6 bxc4 36. bxc4 Rfxf4 37. c5 Ra4 38. R1d2 Rg5
39. R6d4 Rxd4 40. Rxd4 Rxc5 0-1

[Event "Tradewise Gibraltar Chess Festival 2014 "]
[Site "The Caleta Hotel - Gibraltar"]
[Date "2014.02.03"]
[Round "7.44"]
[White "Bellin, Robert"]
[Black "Galego, Luis"]
[Result "0-1"]
[WhiteElo "2337"]
[BlackElo "2465"]
[PlyCount "66"]
[EventDate "2014.01.28"]

1. b3 e5 2. Bb2 d6 3. g3 Nf6 4. Bg2 Be7 5. c4 O-O 6. Nc3 c6 7. d4 Qa5 8. a3 Qb6
9. d5 a5 10. Nf3 Na6 11. Na4 Qc7 12. dxc6 bxc6 13. O-O Rb8 14. Qc2 Be6 15. Ng5
Bd7 16. c5 d5 17. f4 e4 18. Be5 Qa7 19. Bxb8 Rxb8 20. Rfc1 Rb5 21. b4 axb4 22.
axb4 h6 23. Nb6 Rxb6 24. cxb6 Qxb6+ 25. Kh1 hxg5 26. Rxa6 Qxa6 27. b5 Qxb5 28.
Rb1 Qa5 29. fxg5 Ng4 30. h3 Ne3 31. Rb8+ Kh7 32. Bxe4+ dxe4 33. Qxe4+ Nf5 0-1

[Event "Tradewise Gibraltar Chess Festival 2014 "]
[Site "The Caleta Hotel - Gibraltar"]
[Date "2014.02.03"]
[Round "7.45"]
[White "Studer, Noel"]
[Black "Docx, Stefan"]
[Result "0-1"]
[WhiteElo "2337"]
[BlackElo "2458"]
[PlyCount "88"]
[EventDate "2014.01.28"]

1. e4 c5 2. Nf3 d6 3. d4 cxd4 4. Nxd4 Nf6 5. Nc3 a6 6. Be3 e6 7. f3 b5 8. Qd2
Nbd7 9. g4 Nb6 10. Qf2 Nfd7 11. a4 bxa4 12. Nxa4 Nxa4 13. Rxa4 Bb7 14. Be2 Be7
15. O-O d5 16. exd5 Bh4 17. Qg2 Nb6 18. Ra3 Nxd5 19. Bd2 Qb6 20. Rd3 Bf6 21.
Qf2 O-O 22. g5 Be7 23. Nb3 Qc7 24. f4 f6 25. Bg4 f5 26. Bd1 a5 27. Re1 Rfe8 28.
Rxe6 Bb4 29. Rxe8+ Rxe8 30. c3 Bd6 31. Bf3 Nxf4 32. Bxf4 Bxf4 33. Nd4 Be4 34.
Bxe4 fxe4 35. Rh3 Bxg5 36. Qf5 h6 37. Qb5 Qf7 38. Rg3 Kh8 39. Qe2 a4 40. Rg4
Qd5 41. h4 Bf6 42. Qe3 Qh5 43. Qe2 Bxh4 44. Qg2 e3 0-1

[Event "Tradewise Gibraltar Chess Festival 2014 "]
[Site "The Caleta Hotel - Gibraltar"]
[Date "2014.02.03"]
[Round "7.47"]
[White "Kobo, Ori"]
[Black "Georgiadis, Nico"]
[Result "1/2-1/2"]
[WhiteElo "2298"]
[BlackElo "2436"]
[PlyCount "98"]
[EventDate "2014.01.28"]

1. c4 f5 2. d4 Nf6 3. g3 g6 4. Bg2 Bg7 5. Nh3 Nc6 6. d5 Ne5 7. Qc2 O-O 8. Nf4
c6 9. O-O cxd5 10. cxd5 d6 11. Nc3 Bd7 12. Qb3 b5 13. Ne6 Bxe6 14. dxe6 Rb8 15.
Be3 Qa5 16. Rfd1 b4 17. Nd5 Nxd5 18. Rxd5 Qa6 19. Bf1 Qc4 20. Rc1 Qxb3 21. axb3
Rbc8 22. Rdd1 Ng4 23. Bg5 Bf6 24. Bxf6 Nxf6 25. f3 Kg7 26. e3 d5 27. Ba6 Rxc1
28. Rxc1 Rd8 29. Rc7 Kf8 30. Rxa7 Rd6 31. Ra8+ Kg7 32. Bc8 Rc6 33. Rb8 g5 34.
Bd7 Rc1+ 35. Kf2 Rc2+ 36. Ke1 Rxh2 37. Rxb4 Rxb2 38. Rb7 g4 39. Bb5 gxf3 40.
Rxe7+ Kg6 41. Rc7 Ne4 42. Kd1 Rxb3 43. e7 Nf6 44. Rc6 Rxe3 45. e8=Q+ Rxe8 46.
Rxf6+ Kxf6 47. Bxe8 Kg5 48. Ke1 f4 49. Kf2 fxg3+ 1/2-1/2

[Event "Tradewise Gibraltar Chess Festival 2014 "]
[Site "The Caleta Hotel - Gibraltar"]
[Date "2014.02.03"]
[Round "7.49"]
[White "Galmandakh, Badrakh"]
[Black "Houska, Jovanka"]
[Result "1/2-1/2"]
[WhiteElo "2225"]
[BlackElo "2415"]
[PlyCount "100"]
[EventDate "2014.01.28"]

1. Nf3 d5 2. d3 c6 3. g3 Bg4 4. Bg2 Nd7 5. O-O e6 6. c3 Bd6 7. e4 Ne7 8. Qc2
O-O 9. Be3 e5 10. d4 dxe4 11. Nxe5 Bxe5 12. dxe5 Bf3 13. Bxf3 exf3 14. Qe4 Ng6
15. Bf4 Re8 16. Rd1 Qc8 17. Nd2 Ndxe5 18. Bxe5 Rxe5 19. Qxf3 Qe6 20. Nb3 Re8
21. Nd4 Qc8 22. Qg2 h6 23. Qf1 Qg4 24. f3 Qd7 25. f4 Rd5 26. Re1 Rd8 27. Re3 c5
28. Nf3 Qg4 29. Kh1 Qf5 30. Rae1 b6 31. c4 R5d7 32. Qe2 Nf8 33. Re8 Rxe8 34.
Qxe8 g5 35. Qe4 Qxe4 36. Rxe4 g4 37. Ne5 Rd1+ 38. Kg2 Rd2+ 39. Kg1 f5 40. Re3
Rxb2 41. Nc6 Rxa2 42. Re7 h5 43. Re5 Ra1+ 44. Kf2 Ra2+ 45. Kg1 h4 46. Ne7+ Kf7
47. Nxf5 hxg3 48. hxg3 Nd7 49. Nd6+ Kf6 50. Ne4+ Kf7 1/2-1/2

[Event "Tradewise Gibraltar Chess Festival 2014 "]
[Site "The Caleta Hotel - Gibraltar"]
[Date "2014.02.03"]
[Round "7.50"]
[White "Spence, David J"]
[Black "Savina, Anastasia"]
[Result "0-1"]
[WhiteElo "2216"]
[BlackElo "2402"]
[PlyCount "108"]
[EventDate "2014.01.28"]

1. e4 e5 2. Nf3 Nc6 3. Bc4 Nf6 4. d3 Be7 5. c3 O-O 6. Bb3 d5 7. Qe2 Be6 8. O-O
dxe4 9. dxe4 Bxb3 10. axb3 a5 11. Na3 Qd7 12. Re1 Qe6 13. Qc4 Qxc4 14. Nxc4 Nd7
15. Be3 b5 16. Na3 Rab8 17. Nc2 h6 18. Red1 Nf6 19. Nd2 Rfd8 20. Kf1 Nd7 21.
Ke2 Nc5 22. Bxc5 Bxc5 23. Ne3 Bxe3 24. fxe3 Rd6 25. Nf1 Rbd8 26. Ng3 Rxd1 27.
Rxd1 Rxd1 28. Kxd1 Nd8 29. Nf1 Ne6 30. Nd2 Kf8 31. b4 axb4 32. cxb4 Ke7 33. Kc2
Kd6 34. Nb3 h5 35. Kd3 g6 36. Na5 Kd7 37. Nb3 Kc6 38. Nd2 Kd6 39. Nb3 f6 40.
Na5 Ke7 41. Nb3 Kd6 42. Na5 f5 43. g3 fxe4+ 44. Kxe4 Ng5+ 45. Kd3 Kd5 46. Nb3
e4+ 47. Kc3 Nf3 48. Nd4 Nxd4 49. exd4 g5 50. h3 g4 51. h4 c6 52. b3 e3 53. Kd3
e2 54. Kxe2 Ke4 0-1

[Event "Tradewise Gibraltar Chess Festival 2014 "]
[Site "The Caleta Hotel - Gibraltar"]
[Date "2014.02.03"]
[Round "7.51"]
[White "Gordon, Stephen J"]
[Black "Scharrer, Patrick"]
[Result "1-0"]
[WhiteElo "2516"]
[BlackElo "2220"]
[PlyCount "51"]
[EventDate "2014.01.28"]

1. d4 g6 2. c4 Bg7 3. Nc3 d6 4. e4 Nf6 5. Nf3 O-O 6. Be2 Na6 7. O-O e5 8. Be3
Ng4 9. Bg5 Qe8 10. h3 h6 11. Bc1 exd4 12. Nxd4 Nf6 13. Bd3 Nc5 14. Re1 Nh7 15.
Bc2 Ng5 16. f4 Nh7 17. Be3 Qd8 18. Qd2 Re8 19. Rad1 Nf6 20. Bf2 Nh5 21. Nf3 Be6
22. b3 Qc8 23. f5 gxf5 24. exf5 Bd7 25. Nd5 Bxf5 26. Rxe8+ 1-0

[Event "Tradewise Gibraltar Chess Festival 2014 "]
[Site "The Caleta Hotel - Gibraltar"]
[Date "2014.02.03"]
[Round "7.53"]
[White "Lederman, Leon"]
[Black "Popilski, Gil"]
[Result "0-1"]
[WhiteElo "2257"]
[BlackElo "2492"]
[PlyCount "74"]
[EventDate "2014.01.28"]

1. e4 c5 2. Nf3 e6 3. d4 cxd4 4. Nxd4 a6 5. Bd3 Bc5 6. Nb3 Ba7 7. O-O Ne7 8. c4
d6 9. Nc3 Nbc6 10. Qe2 O-O 11. Rd1 f5 12. c5 Bxc5 13. Nxc5 Nd4 14. Qe1 dxc5 15.
exf5 Nexf5 16. Bf4 b6 17. Ne4 Bb7 18. Bg3 Qe7 19. Rac1 Rad8 20. Nc3 Nxg3 21.
hxg3 Qf6 22. Be4 Bxe4 23. Nxe4 Qf5 24. Qe3 a5 25. Rd2 Rd5 26. Re1 Rfd8 27. Red1
h6 28. f3 Qe5 29. Qf2 Nc6 30. g4 Rd4 31. Qe3 Kf7 32. Kf2 Nb4 33. Qb3 a4 34. Qe3
Nxa2 35. Rxd4 Rxd4 36. Ra1 Nb4 37. Rxa4 Nd3+ 0-1

[Event "Tradewise Gibraltar Chess Festival 2014 "]
[Site "The Caleta Hotel - Gibraltar"]
[Date "2014.02.03"]
[Round "7.55"]
[White "Larino Nieto, David"]
[Black "Nicolas Zapata, Irene"]
[Result "1-0"]
[WhiteElo "2465"]
[BlackElo "2249"]
[PlyCount "79"]
[EventDate "2014.01.28"]

1. b3 e5 2. Bb2 Nc6 3. e3 Nf6 4. Bb5 Bd6 5. Ne2 O-O 6. Ng3 a6 7. Bxc6 dxc6 8.
O-O Qe7 9. d3 Bg4 10. f3 Be6 11. Nd2 Nd5 12. Qe2 Bc5 13. d4 exd4 14. exd4 Ba7
15. c4 Nf6 16. Nde4 Rad8 17. Rad1 Rd7 18. Kh1 Ne8 19. f4 f6 20. f5 Bf7 21. c5
Bd5 22. Rde1 Qf7 23. Nf2 a5 24. Nd3 b6 25. Ba3 bxc5 26. dxc5 a4 27. Nf4 axb3
28. axb3 Bxb3 29. Ne6 Re7 30. Rf3 Bd5 31. Re3 g6 32. Nxf8 Rxe3 33. Qxe3 Kxf8
34. Bc1 g5 35. Qa3 h5 36. Qxa7 h4 37. Nf1 h3 38. Kg1 Bxg2 39. Qb8 Bxf1 40.
Qxe8+ 1-0

[Event "Tradewise Gibraltar Chess Festival 2014 "]
[Site "The Caleta Hotel - Gibraltar"]
[Date "2014.02.03"]
[Round "7.56"]
[White "Tania, Sachdev"]
[Black "Sanchez Botella, Luis Javier"]
[Result "1/2-1/2"]
[WhiteElo "2442"]
[BlackElo "2241"]
[PlyCount "134"]
[EventDate "2014.01.28"]

1. d4 Nf6 2. c4 e6 3. Nf3 b6 4. g3 Ba6 5. Qc2 c5 6. d5 exd5 7. cxd5 Bb7 8. Bg2
Nxd5 9. O-O Be7 10. Rd1 Nb4 11. Qf5 g6 12. Qf4 O-O 13. Nc3 Bf6 14. a3 Nc2 15.
Rb1 Nxa3 16. Ne4 Bxe4 17. Qxe4 Nxb1 18. Qxa8 Re8 19. Qxa7 Qe7 20. Be3 Qe4 21.
Qa1 Qc2 22. Qxb1 Qxe2 23. b4 c4 24. Rd2 Rxe3 25. fxe3 Qxe3+ 26. Kf1 Nc6 27. Re2
Qc3 28. Nd2 d5 29. Bxd5 Nd4 30. Rf2 Nc2 31. Be4 Ne3+ 32. Ke1 Bg5 33. Re2 Ng4
34. Qc2 Qxb4 35. h4 Bh6 36. Bd5 Ne3 37. Qe4 Nxd5 38. Qxd5 c3 39. Re8+ Bf8 40.
Nb3 c2+ 41. Kf2 Qxb3 42. Qxb3 c1=Q 43. Qxb6 Qc2+ 44. Kg1 Qc1+ 45. Kg2 Qc2+ 46.
Kf3 Qd3+ 47. Qe3 Qxe3+ 48. Kxe3 h5 49. Ke4 Kg7 50. Kd5 Ba3 51. Re3 Bb4 52. Rb3
Be7 53. Kc6 g5 54. Kd7 Bf6 55. Rb4 gxh4 56. gxh4 Be5 57. Rb5 f6 58. Ke6 Kg6 59.
Rb1 Bc3 60. Rg1+ Kh6 61. Kf7 Be5 62. Rg8 Kh7 63. Rc8 Bb2 64. Rc2 Be5 65. Rc5
Kh6 66. Rb5 Kh7 67. Ra5 Kh6 1/2-1/2

[Event "Tradewise Gibraltar Chess Festival 2014 "]
[Site "The Caleta Hotel - Gibraltar"]
[Date "2014.02.03"]
[Round "7.57"]
[White "Teran Alvarez, Ismael"]
[Black "Sanchez Castillo, Sarai Caroli"]
[Result "0-1"]
[WhiteElo "2412"]
[BlackElo "2219"]
[PlyCount "58"]
[EventDate "2014.01.28"]

1. e4 e6 2. d4 d5 3. Nd2 Nf6 4. e5 Nfd7 5. c3 c5 6. Bd3 Nc6 7. Ne2 Qb6 8. Nf3
cxd4 9. cxd4 f6 10. exf6 Nxf6 11. O-O Bd6 12. Bf4 Bxf4 13. Nxf4 O-O 14. Qd2 Kh8
15. Bc2 Qxb2 16. Rfb1 Ne4 17. Qe2 Qc3 18. g3 Nxd4 19. Nxd4 Qxd4 20. Re1 Nxf2
21. Kg2 Ne4 22. Bxe4 dxe4 23. Rad1 Qa4 24. Qxe4 Qxa2+ 25. Re2 Qa5 26. Red2 Qf5
27. Qb4 b6 28. Qe7 e5 29. Rf2 exf4 0-1

[Event "Tradewise Gibraltar Chess Festival 2014 "]
[Site "The Caleta Hotel - Gibraltar"]
[Date "2014.02.03"]
[Round "7.58"]
[White "Lombaers, Peter"]
[Black "Zude, Arno"]
[Result "1-0"]
[WhiteElo "2255"]
[BlackElo "2400"]
[PlyCount "63"]
[EventDate "2014.01.28"]

1. c4 e5 2. g3 Nf6 3. Bg2 h6 4. Nc3 Bb4 5. Nf3 Bxc3 6. bxc3 e4 7. Nd4 O-O 8.
O-O d6 9. f3 exf3 10. Nxf3 Nc6 11. d3 Bg4 12. h3 Bxf3 13. Bxf3 Rb8 14. Rb1 Ne5
15. Bg2 Re8 16. e4 c6 17. Qe2 b5 18. cxb5 cxb5 19. Be3 a6 20. Rf5 Rc8 21. Rbf1
Rxc3 22. d4 Nc4 23. Bxh6 Nxe4 24. Bxg7 Rxg3 25. Bh6 Rg6 26. Qd3 Qh4 27. Bf4 Re7
28. Kh2 Nf2 29. Qf3 Ng4+ 30. Kh1 Nge3 31. Rh5 Nxg2 32. Qa8+ 1-0

[Event "Tradewise Gibraltar Chess Festival 2014 "]
[Site "The Caleta Hotel - Gibraltar"]
[Date "2014.02.03"]
[Round "7.59"]
[White "Gajic, Mladen"]
[Black "Kuipers, Stefan"]
[Result "1/2-1/2"]
[WhiteElo "2246"]
[BlackElo "2399"]
[PlyCount "68"]
[EventDate "2014.01.28"]

1. e4 e6 2. d3 d5 3. Nd2 Nf6 4. Ngf3 c5 5. g3 Nc6 6. Bg2 g6 7. O-O Bg7 8. Re1
O-O 9. c3 a5 10. a4 b6 11. e5 Nd7 12. d4 cxd4 13. cxd4 Ba6 14. Nf1 Nb4 15. Ra3
Rc8 16. Bg5 Qe8 17. Rc3 Rxc3 18. bxc3 Nd3 19. Re2 N3xe5 20. Rxe5 Nxe5 21. dxe5
Qc6 22. Bd2 b5 23. Nd4 Qd7 24. axb5 Bxb5 25. f4 a4 26. Ne3 Rb8 27. Nec2 Bc4 28.
Qa1 Bf8 29. Bf1 a3 30. Bc1 a2 31. Bxc4 Rb1 32. Qxa2 Rxc1+ 33. Bf1 Qb7 34. Kg2
Bc5 1/2-1/2

[Event "Tradewise Gibraltar Chess Festival 2014 "]
[Site "The Caleta Hotel - Gibraltar"]
[Date "2014.02.03"]
[Round "7.60"]
[White "Dolzhikova, Olga"]
[Black "Milliet, Sophie"]
[Result "0-1"]
[WhiteElo "2203"]
[BlackElo "2390"]
[PlyCount "116"]
[EventDate "2014.01.28"]

1. e4 c5 2. c3 Nf6 3. e5 Nd5 4. g3 Nc6 5. Bg2 Qc7 6. f4 e6 7. Qe2 Be7 8. Nf3 d6
9. O-O dxe5 10. fxe5 O-O 11. d3 Bd7 12. c4 Nb6 13. Bf4 Rad8 14. Nc3 Be8 15.
Rad1 Qd7 16. Ne4 Nd4 17. Qf2 Nc8 18. Nxd4 Qxd4 19. Qxd4 cxd4 20. a3 Nb6 21. b4
Bc6 22. Bg5 Bxg5 23. Nxg5 h6 24. Bxc6 bxc6 25. Nf3 Na4 26. Kf2 Rd7 27. Rc1 Rb8
28. Rb1 Nc3 29. Rbc1 c5 30. Rc2 Na4 31. Rb1 f5 32. exf6 gxf6 33. Nd2 Nc3 34.
Re1 e5 35. bxc5 Rc7 36. Ne4 Nxe4+ 37. Rxe4 Rb3 38. Rd2 Rxc5 39. Re1 Kf7 40. a4
Ke6 41. g4 Ra3 42. Rb1 Ra5 43. Rb7 R5xa4 44. Rh7 Ra2 45. Rxa2 Rxa2+ 46. Kg3 Ra3
47. Rxh6 Rxd3+ 48. Kf2 Kf7 49. Rh7+ Kg6 50. Rxa7 Kg5 51. h3 Rc3 52. Rg7+ Kf4
53. Rg6 Rc2+ 54. Kf1 d3 55. Rxf6+ Ke3 56. Ra6 Rc1+ 57. Kg2 d2 58. Ra3+ Ke4 0-1

[Event "Tradewise Gibraltar Chess Festival 2014 "]
[Site "The Caleta Hotel - Gibraltar"]
[Date "2014.02.03"]
[Round "7.61"]
[White "Tseitlin, Mark D"]
[Black "Tscharotschkin, Michael"]
[Result "1-0"]
[WhiteElo "2389"]
[BlackElo "2201"]
[PlyCount "121"]
[EventDate "2014.01.28"]

1. e4 e6 2. d4 d5 3. Nd2 Nf6 4. e5 Nfd7 5. c3 c5 6. Bd3 Nc6 7. Ngf3 Be7 8. h4
Qb6 9. O-O cxd4 10. cxd4 Nxd4 11. Nxd4 Qxd4 12. Nf3 Qg4 13. Be3 Bxh4 14. Rc1 h6
15. Rc3 O-O 16. Be2 Be7 17. Nd4 Qg6 18. Bf4 Qe4 19. Qd2 g5 20. Rg3 Kh8 21. Be3
Nxe5 22. f4 Nc4 23. Bxc4 dxc4 24. fxg5 e5 25. Nf3 Be6 26. Nxe5 Qxe5 27. Bf4
Qc5+ 28. Kh2 Qd5 29. Qe2 Bd6 30. Bxd6 Qxd6 31. Qh5 Bg4 32. Qxg4 Rg8 33. Rf5 Rg6
34. Qxc4 hxg5 35. Rxf7 Rh6+ 36. Kg1 Qb6+ 37. Rf2 Rf6 38. Rgf3 Rxf3 39. gxf3 Rf8
40. Kg2 Qf6 41. Qe4 Rf7 42. b4 g4 43. f4 Re7 44. Qd3 Rc7 45. Qd5 Kg7 46. Kg3
Rc3+ 47. Kxg4 Qg6+ 48. Qg5 Rc4 49. a3 Rc1 50. Qxg6+ Kxg6 51. Rd2 Rg1+ 52. Kf3
Rf1+ 53. Ke4 Re1+ 54. Kd5 Ra1 55. Rd3 Kf5 56. Kd6 Kxf4 57. Kc7 Ke4 58. Rh3 a5
59. b5 Rb1 60. b6 Kd4 61. Kxb7 1-0

[Event "Tradewise Gibraltar Chess Festival 2014 "]
[Site "The Caleta Hotel - Gibraltar"]
[Date "2014.02.03"]
[Round "7.62"]
[White "Veltkamp, Gerben"]
[Black "Lampert, Jonas"]
[Result "0-1"]
[WhiteElo "2202"]
[BlackElo "2358"]
[PlyCount "74"]
[EventDate "2014.01.28"]

1. e4 e5 2. Nc3 Nf6 3. Nf3 Nc6 4. d4 exd4 5. Nd5 Nb4 6. Nxd4 Nbxd5 7. exd5 Nxd5
8. Qf3 Nf6 9. Be2 d5 10. Qg3 c6 11. O-O Ne4 12. Qe3 Be7 13. Bd3 Nc5 14. Nf5
Bxf5 15. Bxf5 O-O 16. Qh3 g6 17. Bh6 Re8 18. Qc3 d4 19. Qg3 Bd6 20. Qg4 Qf6 21.
Bd3 Nxd3 22. cxd3 Qe5 23. g3 f5 24. Qh4 Be7 25. Bg5 Bxg5 26. Qxg5 Kg7 27. Rae1
Qd6 28. h4 h6 29. Qd2 b6 30. Re2 f4 31. Kh2 f3 32. Re4 Rxe4 33. dxe4 Qe5 34.
Re1 g5 35. Rh1 Re8 36. hxg5 hxg5 37. Kg1 Kg6 0-1

[Event "Tradewise Gibraltar Chess Festival 2014 "]
[Site "The Caleta Hotel - Gibraltar"]
[Date "2014.02.03"]
[Round "7.63"]
[White "Abdumalik, Zhansaya"]
[Black "Gikas, Andreas Basilius"]
[Result "1/2-1/2"]
[WhiteElo "2344"]
[BlackElo "2189"]
[PlyCount "110"]
[EventDate "2014.01.28"]

1. e4 Nf6 2. e5 Nd5 3. d4 d6 4. Nf3 c6 5. Bc4 dxe5 6. Nxe5 Be6 7. Nd2 Nd7 8.
Nef3 Bf5 9. O-O e6 10. Re1 Be7 11. Bb3 O-O 12. Ne4 Bxe4 13. Rxe4 N5f6 14. Re1
Re8 15. c3 Qc7 16. Ne5 c5 17. Bf4 cxd4 18. cxd4 Nxe5 19. Rc1 Qb6 20. Bxe5 Rac8
21. Qe2 Rxc1 22. Rxc1 Nd5 23. h3 a6 24. Rc2 Qd8 25. Qf3 Bd6 26. Bxd5 Bxe5 27.
Bxb7 Qxd4 28. Bxa6 Qa4 29. Qc6 Qxc6 30. Rxc6 Bxb2 31. a4 g6 32. Kf1 Rd8 33. Ke2
Kf8 34. Bb5 Rd5 35. Rc8+ Ke7 36. Rc7+ Kf8 37. Bc4 Ra5 38. Bb5 Bd4 39. f3 Ra7
40. Rc8+ Ke7 41. Kd3 Bf2 42. Kc4 Kd6 43. Rc6+ Ke5 44. Kd3 h5 45. Rc4 g5 46.
Re4+ Kd6 47. g4 hxg4 48. hxg4 Bc5 49. Re2 Bb4 50. Rb2 Ba5 51. Re2 Rc7 52. Bc4
Rb7 53. Bb5 Rc7 54. Bc4 Rb7 55. Bb5 Rc7 1/2-1/2

[Event "Tradewise Gibraltar Chess Festival 2014 "]
[Site "The Caleta Hotel - Gibraltar"]
[Date "2014.02.03"]
[Round "7.64"]
[White "Bar, Aviv"]
[Black "Vojinovic, Jovana"]
[Result "1-0"]
[WhiteElo "2148"]
[BlackElo "2335"]
[PlyCount "95"]
[EventDate "2014.01.28"]

1. d4 Nf6 2. c4 d6 3. Nf3 Nbd7 4. Nc3 e5 5. e4 Be7 6. Be2 O-O 7. O-O c6 8. Re1
Qc7 9. Bf1 a6 10. Bg5 h6 11. Be3 Re8 12. h3 b6 13. Rc1 Bb7 14. d5 Rac8 15. b4
Qb8 16. Nd2 Nh7 17. g3 cxd5 18. cxd5 Rc7 19. Nb3 Bg5 20. Qd2 Bc8 21. h4 Bxe3
22. Qxe3 b5 23. Na5 Qb6 24. a4 Qxe3 25. fxe3 bxa4 26. Nxa4 Rxc1 27. Rxc1 Ndf6
28. Nb6 Bg4 29. Bg2 Be2 30. Nc8 Ng4 31. Nxd6 Rf8 32. Nc6 Nhf6 33. Bf1 Bxf1 34.
Rxf1 Nxe3 35. Ra1 Nfg4 36. Rxa6 Kh7 37. Ne7 g6 38. b5 f5 39. h5 fxe4 40. hxg6+
Kg7 41. Nf7 Rb8 42. Nd6 Rf8 43. Nf7 Rb8 44. b6 Nc4 45. b7 Nf6 46. Nd8 e3 47.
Ne6+ Kh8 48. Ra8 1-0

[Event "Tradewise Gibraltar Chess Festival 2014 "]
[Site "The Caleta Hotel - Gibraltar"]
[Date "2014.02.03"]
[Round "7.65"]
[White "Gaehwiler, Gabriel"]
[Black "Mihajlov, Sebastian"]
[Result "1-0"]
[WhiteElo "2332"]
[BlackElo "2185"]
[PlyCount "57"]
[EventDate "2014.01.28"]

1. d4 d5 2. c4 c6 3. Nf3 Nf6 4. Nc3 dxc4 5. g3 g6 6. Bg2 Bg7 7. O-O O-O 8. h3
Nbd7 9. e4 Nb6 10. Qe2 Ne8 11. Rd1 Nc7 12. a4 a5 13. d5 cxd5 14. exd5 Bf5 15.
Ne5 Na6 16. Nxc4 Nxc4 17. Qxc4 Qd7 18. Qh4 Bf6 19. Bg5 Bxg5 20. Qxg5 Nb4 21. g4
Bd3 22. Rd2 Rac8 23. Rad1 Bc2 24. d6 f6 25. Qxa5 Bxd1 26. Qxb4 Bxa4 27. dxe7
Qxd2 28. exf8=Q+ Rxf8 29. Bd5+ 1-0